000 00667nam a2200181 4500
001 131777
003 ES-MaACL
005 20251122063125.0
007 t|
008 070214s1931 sp r ||||1| spa d
100 1 _aRodríguez Marín, Francisco,
_d1855-1943
_998634
245 1 0 _aModos adverbiales castizos y bien autorizados que piden lugar en nuestro léxico /
_callególos de sus lecturas Francisco Rodríguez Marín.
260 _aMadrid :
_b[s. n.],
_c1931 (
_eCuenca :
_fImp. del Seminario Conciliar)
300 _a178 p. ;
_c19 cm.
650 4 _aLengua española-
_xLexicografía.
_914170
852 _aES-MaACL
_jF-13757
999 _c131777
_d131777